000 00465nam a2200181Ia 4500
001 904
005 20260306140552.0
008 260306t2019||||xx |||||||||||||| ||spa||
041 _aESP
082 _a173
_bV65 T. 1
100 _aViladrich, Pedro Juan,
_eAUT
245 0 _aLos amores y vínculos íntimos :
_bestructuras y dinámicas básicas
260 _c2019
300 _a447 páginas :
_c24 cm.
650 _aGEN
654 _aCHU
942 _cLIB
_dJUS
_fJUS
_2ddc
_n
999 _c904
_d904